Social change
Uloženo v:
| Hlavní autor: | |
|---|---|
| Médium: | Kniha |
| Jazyk: | angličtina |
| Vydáno: |
Nueva York
McGraw-Hill
1960
|
| Témata: | |
| Tagy: |
Přidat tag
Žádné tagy, Buďte první, kdo vytvoří štítek k tomuto záznamu!
|
MARC
| LEADER | 00000nam a2200000 a 4500 | ||
|---|---|---|---|
| 001 | UCR9752 | ||
| 003 | CL-VaPUC | ||
| 008 | 980613e19600000US |||||||||||||||||eng|d | ||
| 082 | 0 | 4 | |a 303.4 |b NOR |2 21 |
| 100 | 0 | |a Nordskog, John Eric |e author |9 412618 | |
| 245 | 1 | 0 | |a Social change |
| 300 | |a 423 p | ||
| 942 | |c BK | ||
| 945 | |d 19980613 00:00:00 |a crobeson | ||
| 260 | |a Nueva York |b McGraw-Hill |c 1960 | ||
| 650 | 0 | |a Cambio social |9 256857 | |
| 650 | 0 | |a Procesos sociales |9 337802 | |
| 650 | 0 | |a Dinámica social |9 334923 | |
| 650 | 0 | |a Interacción social |9 307764 | |
| 650 | 7 | |a SOCIEDAD CAMBIANTE |2 CL-VaPUC |9 334579 | |
| 650 | 0 | |a Sociología del cambio |9 337801 | |
| 583 | |a last modification |c 19980613 00:00:00 |k Rodrigo Vera | ||
| 999 | |c 270928 |d 270926 | ||